000 01673nam a2200373 c 4500
003 BLK
005 20191007130212.0
008 180411b bul|||||r ||||||| ||bul||
010 _aKNG00181408000
040 _aBLK
041 _aBUL
_cBUL
080 _aОснови на математиката в основното образование
_b372.47
_x(075.2)
_z372.47(075.2)
100 1 _aНикова, Катя Стефанова
_eпърви автор
_9365352
700 1 _aРайнова, Пенка Георгиева
_e*
_9363367
700 1 _aСотирова, Тодорка
_e*
_9363527
700 1 _aМилева, Т.
_e*
_9339415
139 _aСборник от задачи по математика
_bС 23
245 1 0 _aСборник от задачи по математика
_bЗа І и ІІ кл.
_cКатя Стефанова Никова; * Пенка Георгиева Райнова; * Тодорка Сотирова; * Т. Милева.
257 _aBGR
260 София
_bСлов-Д
_c1991
300 _a64 с.
_bс черт., табл.
_c21 см
380 _a3
500 _aДруги авт.: П. Райнова, Т. Сотирова, Т. Милева. - 30 000 тир.
650 4 _aМатематика - задачи - учебници за начални училища
_9259477
653 _aматематика
653 _aзадачи
653 _aІ кл. - ІІ кл.
653 _aучебници за основни училища
852 _aЦб 167735
856 4 _qpdf
_u
856 4 _qpdf
_u
942 _cKNG
_n0
_01
944 _aCR
_c10.09.2015
_lф /
_kЛюдмила_Стоянова
944 _aED
_c10.09.2015
_lф /
_kЛюдмила_Стоянова
999 _c173033
_d173033